La región más transparente
Saved in:
| Hovedforfatter: | |
|---|---|
| Format: | Bog |
| Sprog: | spansk |
| Udgivet: |
Madrid
Santillana
2008
|
| Udgivelse: | 1a. ed |
| Fag: | |
| Tags: |
Tilføj Tag
Ingen Tags, Vær først til at tagge denne postø!
|
MARC
| LEADER | 00000nam a2200000 a 4500 | ||
|---|---|---|---|
| 001 | UCH8660 | ||
| 003 | CL-VaPUC | ||
| 008 | 091203e20080000sp |||||||||||||||||spa|d | ||
| 020 | |a 9788420422503 | ||
| 082 | 0 | 4 | |a 863 |b FUE |2 21 |
| 100 | 0 | |a Fuentes, Carlos |e author |9 376869 | |
| 245 | 1 | 3 | |a La región más transparente |
| 250 | |a 1a. ed | ||
| 300 | |a 671 p | ||
| 942 | |c BK | ||
| 945 | |d 20091203 00:00:00 |a cmena | ||
| 260 | |a Madrid |b Santillana |c 2008 | ||
| 650 | 0 | |a Novelas mexicanas |9 317570 | |
| 583 | |a last modification |c 20171212 06:06:37 |k Rodrigo Vera | ||
| 999 | |c 338853 |d 338851 | ||
| 952 | |0 0 |1 0 |4 0 |6 863_000000000000000_FUE_2008 |7 0 |8 C |9 432055 |a BIBCUR |b BIBCUR |d 2019-11-22 |i 4583345 |l 1 |m 2 |o 863 FUE 2008 |p 4583345 |r 2025-04-22 |s 2023-04-12 |w 2019-11-22 |y BK |k CAC | ||